[Event "Warsaw Najdorf Memorial op-A"]
[Site "Warsaw"]
[Date "2012.08.13"]
[Round "8"]
[White "Pietocha, Pawel"]
[Black "Rytarowski, Kamil"]
[Result "1-0"]
[WhiteElo "2125"]
[BlackElo "2005"]
[PlyCount "23"]
[EventDate "2012.08.06"]
[EventType "swiss"]
[EventRounds "9"]
[EventCountry "POL"]
[SourceTitle "CBM 149 Extra"]
[Source "ChessBase"]
[SourceDate "2012.08.24"]
[SourceVersion "1"]
[SourceVersionDate "2012.08.24"]
[SourceQuality "1"]

1. e4 g6 2. d4 Bg7 3. h4 c5 4. c3 cxd4 5. cxd4 Qb6 6. Nf3 Nc6 7. Nc3 Nxd4 8. Nd5 Nxf3+ 9. Qxf3 Qd6 10. Bf4 e5 11. Bd2 a6 12. Rc1 1-0

[Event "Warsaw Najdorf Memorial op-A"]
[Site "Warsaw"]
[Date "2012.08.10"]
[Round "6"]
[White "Staroszczyk, Mateusz"]
[Black "Rytarowski, Kamil"]
[Result "0-1"]
[WhiteElo "2052"]
[BlackElo "2005"]
[PlyCount "82"]
[EventDate "2012.08.06"]
[EventType "swiss"]
[EventRounds "9"]
[EventCountry "POL"]
[SourceTitle "CBM 149 Extra"]
[Source "ChessBase"]
[SourceDate "2012.08.24"]
[SourceVersion "1"]
[SourceVersionDate "2012.08.24"]
[SourceQuality "1"]

1. c4 g6 2. g3 Bg7 3. Bg2 Nf6 4. Nc3 0-0 5. Nf3 d6 6. 0-0 e5 7. d3 Nbd7 8. Bd2 c6 9. b4 Qe7 10. Qc2 h6 11. a4 Re8 12. Nh4 Nf8 13. b5 g5 14. Nf3 c5 15. h4 g4 16. Nh2 Ne6 17. e3 Nf8 18. a5 Rb8 19. Rad1 Bf5 20. Bc1 Ng6 21. Qe2 h5 22. e4 Be6 23. Bg5 Qc7 24. Bxf6 Bxf6 25. b6 axb6 26. f3 Bxh4 27. f4 Bxg3 28. f5 Nf4 29. Rxf4 Bxh2+ 30. Kxh2 exf4 31. fxe6 fxe6 32. axb6 Qxb6 33. e5 Qd8 34. exd6 Qxd6 35. Ne4 Qe5 36. Kh1 Rf8 37. Rg1 b5 38. Bf3 Kf7 39. Bxg4 hxg4 40. Rxg4 Rh8+ 41. Kg2 Rh2+ 0-1

[Event "Warsaw Najdorf Memorial op-A"]
[Site "Warsaw"]
[Date "2012.08.09"]
[Round "5"]
[White "Rytarowski, Kamil"]
[Black "Leks, Maria"]
[Result "0-1"]
[WhiteElo "2005"]
[BlackElo "2109"]
[PlyCount "84"]
[EventDate "2012.08.06"]
[EventType "swiss"]
[EventRounds "9"]
[EventCountry "POL"]
[SourceTitle "CBM 149 Extra"]
[Source "ChessBase"]
[SourceDate "2012.08.24"]
[SourceVersion "1"]
[SourceVersionDate "2012.08.24"]
[SourceQuality "1"]

1. d4 d5 2. Nf3 Nf6 3. g3 c6 4. Bg2 g6 5. 0-0 Bg7 6. c4 0-0 7. Nc3 dxc4 8. Ne5 Be6 9. Bf4 Nfd7 10. Qc2 Nxe5 11. Bxe5 f6 12. Bxb8 Rxb8 13. Rfd1 Qc7 14. d5 Bf7 15. Qe4 cxd5 16. Nxd5 Bxd5 17. Rxd5 e5 18. Rad1 Rf7 19. Qe3 b6 20. Rd6 Kh8 21. Rc6 Qe7 22. Rxc4 f5 23. Bd5 Rd8 24. Qb3 Rf6 25. e4 f4 26. Qc3 Rff8 27. Rc6 Qg5 28. Rd3 h5 29. Rc7 h4 30. Rxa7 fxg3 31. hxg3 Qf6 32. Rd2 Rc8 33. Qe3 Rc1+ 34. Kg2 g5 35. Rb7 hxg3 36. Rxb6 Qf4 37. Qxf4 exf4 38. Rg6 f3+ 39. Kxg3 Rg1+ 40. Kh3 Rh1+ 41. Kg4 Kh7 42. Rxg7+ Kxg7 0-1

[Event "Warsaw Najdorf Memorial op-A"]
[Site "Warsaw"]
[Date "2012.08.09"]
[Round "4"]
[White "Zaninotto, Franco"]
[Black "Rytarowski, Kamil"]
[Result "1-0"]
[WhiteElo "2199"]
[BlackElo "2005"]
[PlyCount "41"]
[EventDate "2012.08.06"]
[EventType "swiss"]
[EventRounds "9"]
[EventCountry "POL"]
[SourceTitle "CBM 149 Extra"]
[Source "ChessBase"]
[SourceDate "2012.08.24"]
[SourceVersion "1"]
[SourceVersionDate "2012.08.24"]
[SourceQuality "1"]

1. e4 c5 2. c3 e6 3. d4 d5 4. exd5 exd5 5. Nf3 Nc6 6. Bb5 Bd6 7. dxc5 Bxc5 8. 0-0 Nge7 9. Nbd2 Bg4 10. Qa4 Bxf3 11. Nxf3 0-0 12. Qh4 Ng6 13. Qh5 Nce7 14. Bd3 Re8 15. Bd2 Qd6 16. Rae1 Rad8 17. Re2 d4 18. Ng5 h6 19. Ne4 Qe5 20. Qxe5 Nxe5 21. Bb5 1-0

[Event "POL-chT Mazovia 06/07 op"]
[Site "Poland"]
[Date "2006.12.10"]
[Round "5.1"]
[White "Rytarowski, Kamil"]
[Black "Lokasto, Anatol"]
[Result "1/2-1/2"]
[WhiteElo "2008"]
[BlackElo "2248"]
[PlyCount "77"]
[EventDate "2006.10.22"]
[EventType "team-swiss"]
[EventRounds "10"]
[EventCountry "POL"]
[SourceTitle "EXT 2019"]
[Source "ChessBase"]
[SourceDate "2018.10.10"]
[SourceVersion "1"]
[SourceVersionDate "2018.10.10"]
[SourceQuality "1"]
[WhiteTeam "Zielonka Zieloni Juniorzy II"]
[BlackTeam "Warszawa KS Wesola"]
[WhiteTeamCountry "POL"]
[BlackTeamCountry "POL"]

1. Nf3 Nf6 2. d4 g6 3. c4 Bg7 4. Nc3 d6 5. e4 0-0 6. Be2 Nbd7 7. 0-0 e5 8. dxe5 dxe5 9. Qc2 c6 10. b3 Re8 11. Rd1 Qc7 12. Bb2 Bf8 13. a3 a5 14. h3 Nh5 15. Bf1 Nf4 16. g3 Ne6 17. Bg2 f6 18. Kh2 Nb6 19. Ne2 c5 20. a4 Nd4 21. Bxd4 cxd4 22. Ne1 Nd7 23. Nd3 Nc5 24. Nec1 b6 25. f4 Bb7 26. Re1 Bd6 27. fxe5 fxe5 28. Nf2 Rf8 29. Ncd3 Nxd3 30. Nxd3 Rf7 31. Rf1 Raf8 32. Qe2 Qe7 33. Rxf7 Rxf7 34. Rf1 Kg7 35. Rxf7+ Qxf7 36. Qf3 Qxf3 37. Bxf3 h5 38. Kg2 Kf6 39. Kf2 1/2-1/2

[Event "Polanica Zdroj op-B 42nd"]
[Site "Polanica Zdroj"]
[Date "2006.08.24"]
[Round "5"]
[White "Rytarowski, Kamil"]
[Black "Turlej, Lukasz"]
[Result "0-1"]
[WhiteElo "1982"]
[BlackElo "2146"]
[PlyCount "50"]
[EventDate "2006.08.20"]
[EventType "swiss"]
[EventRounds "7"]
[EventCountry "POL"]
[SourceTitle "CBM 113 Extra"]
[Source "ChessBase"]
[SourceDate "2006.09.14"]
[SourceVersion "1"]
[SourceVersionDate "2006.09.14"]
[SourceQuality "1"]

1. e4 c5 2. Nf3 Nc6 3. d4 cxd4 4. Nxd4 Nf6 5. Nc3 e5 6. Ndb5 d6 7. Nd5 Nxd5 8. exd5 Nb8 9. c4 a6 10. Nc3 Be7 11. Be2 0-0 12. 0-0 f5 13. Kh1 Nd7 14. f4 Bf6 15. fxe5 Nxe5 16. Qb3 Qe7 17. Bf4 Ng6 18. Bd3 Nxf4 19. Rxf4 Be5 20. Rf3 f4 21. Ne4 Bg4 22. Rff1 f3 23. g3 Bh3 24. Rfc1 Bd4 25. Rc2 f2 0-1

[Event "Mazowieckie-chT 0405"]
[Site "Poland"]
[Date "2004.10.03"]
[Round "1"]
[White "Rytarowski, Kamil"]
[Black "Kowalewski, Jaroslaw"]
[Result "0-1"]
[WhiteElo "1800"]
[BlackElo "2101"]
[PlyCount "66"]
[EventDate "2004.10.03"]
[EventType "team-tourn"]
[EventRounds "10"]
[EventCountry "POL"]
[SourceTitle "EXT 2019"]
[Source "ChessBase"]
[SourceDate "2018.10.10"]
[SourceVersion "1"]
[SourceVersionDate "2018.10.10"]
[SourceQuality "1"]

1. d4 d5 2. c4 dxc4 3. Nf3 e6 4. e3 a6 5. Bxc4 b5 6. Bd3 Bb7 7. 0-0 Nf6 8. a4 b4 9. Qe2 Nbd7 10. e4 Be7 11. e5 Nd5 12. Be3 c5 13. dxc5 Nxe3 14. fxe3 Bxc5 15. Nbd2 0-0 16. Rac1 Rc8 17. Nb3 h6 18. Nxc5 Nxc5 19. Nd4 Qg5 20. Nf3 Bxf3 21. Rxf3 Nxd3 22. Rxc8 Rxc8 23. Qxd3 Qxe5 24. Qd2 a5 25. Rf4 Qc5 26. Rf1 Qc2 27. Qxc2 Rxc2 28. Rf2 b3 29. Kf1 Rc4 30. Rd2 Rxa4 31. Rd8+ Kh7 32. Rb8 Ra1+ 33. Kf2 a4 0-1